[Event "ECCC 2013"]
[Site "Rhodes"]
[Date "2013.10.26"]
[Round "7"]
[White "O'Driscoll, Kieran"]
[Black "Peschel, Andreas"]
[Result "1-0"]
[WhiteElo "2120"]
[BlackElo "2106"]
[PlyCount "69"]
[EventDate "2013.10.20"]
[EventType "team"]
[EventRounds "7"]
[EventCountry "GRE"]
[WhiteTeam "White Rose"]
[BlackTeam "Schachgesellschaft Solingen"]

1. d4 d5 2. c4 c6 3. Nf3 Nf6 4. Nc3 e6 5. cxd5 exd5 6. Bg5 Be7 7. e3 O-O 8. Bd3
Re8 9. Qc2 Nbd7 10. O-O Nf8 11. Rab1 Ne4 12. Bxe7 Qxe7 13. b4 Ng6 14. b5 f5 15.
bxc6 bxc6 16. Na4 Qf6 17. Rfc1 f4 18. exf4 Nxf4 19. Bxe4 dxe4 20. Ne5 Qg5 21.
g3 Bh3 22. Qxe4 Ng6 23. f4 Bf5 24. Qe3 Qf6 25. Rb7 Ne7 26. Nc5 Bc8 27. Qb3+ Nd5
28. Rc7 Be6 29. Rxc6 Nxf4 30. Nxe6 Ne2+ 31. Kg2 Nxc1 32. Qc4 Qf5 33. Ng5+ Kf8
34. Nxh7+ Ke7 35. Qc5+ 1-0

[Event "ECCC 2013"]
[Site "Rhodes"]
[Date "2013.10.26"]
[Round "7"]
[White "Gnichtel, Gerd"]
[Black "Kjartansson, David"]
[Result "1/2-1/2"]
[WhiteElo "2123"]
[BlackElo "2348"]
[PlyCount "100"]
[EventDate "2013.10.20"]
[EventType "team"]
[EventRounds "7"]
[EventCountry "GRE"]
[WhiteTeam "CE De Sprenger Echternach"]
[BlackTeam "Viking Chess Club"]

1. d4 Nf6 2. c4 g6 3. Nc3 Bg7 4. e4 d6 5. Nf3 O-O 6. Be2 Bg4 7. Ng1 Bxe2 8.
Ngxe2 Nfd7 9. O-O c5 10. Be3 a6 11. f3 Nc6 12. Qd2 cxd4 13. Nxd4 Rc8 14. b3 Re8
15. Rac1 Qa5 16. Rfd1 Nf6 17. Nxc6 bxc6 18. Nd5 Qxd2 19. Nxf6+ Bxf6 20. Rxd2 c5
21. f4 Rc6 22. Rcd1 Bg7 23. Rd5 a5 24. e5 a4 25. Kf2 Bf8 26. exd6 exd6 27. f5
Rb6 28. R1d3 axb3 29. axb3 Reb8 30. Bf4 Rxb3 31. Rxb3 Rxb3 32. Bxd6 Bxd6 33.
Rxd6 Rc3 34. f6 h5 35. Rd8+ Kh7 36. Rd7 Rxc4 37. Rxf7+ Kh6 38. Rc7 Rc2+ 39. Kf3
g5 40. h3 Rc1 41. f7 Kg7 42. Ke4 Rc2 43. g4 hxg4 44. hxg4 Rf2 45. Rxc5 Rf4+ 46.
Ke3 Rxg4 47. Rf5 Kf8 48. Kf3 Rf4+ 49. Rxf4 gxf4 50. Kxf4 Kxf7 1/2-1/2

[Event "ECCC 2013"]
[Site "Rhodes"]
[Date "2013.10.26"]
[Round "7"]
[White "Sigurjonsson, Stefan Th"]
[Black "Wilger, Frank"]
[Result "1-0"]
[WhiteElo "2104"]
[BlackElo "2107"]
[PlyCount "81"]
[EventDate "2013.10.20"]
[EventType "team"]
[EventRounds "7"]
[EventCountry "GRE"]
[WhiteTeam "Viking Chess Club"]
[BlackTeam "CE De Sprenger Echternach"]

1. e4 c5 2. Nf3 e6 3. d4 cxd4 4. Nxd4 Nf6 5. Nc3 d6 6. Bc4 Be7 7. O-O Nc6 8.
Bb3 a6 9. Bg5 O-O 10. Re1 Qc7 11. Re3 Nxd4 12. Qxd4 Qc5 13. Qxc5 dxc5 14. e5
Nd5 15. Bxe7 Nxe7 16. Na4 c4 17. Bxc4 b5 18. Nb6 bxc4 19. Nxa8 Nd5 20. Re4 Bb7
21. Nc7 Nxc7 22. Rxc4 Nd5 23. Rd1 f6 24. exf6 Rxf6 25. Rd3 h5 26. Rc5 Nf4 27.
Rd8+ Kh7 28. f3 Rg6 29. g3 h4 30. Rf8 Nd5 31. Rb8 Rf6 32. Rxb7 Rxf3 33. Kg2 Rf5
34. b4 Ne3+ 35. Kh3 e5 36. g4 Rf2 37. Rxe5 Nf1 38. Rh5+ Kg6 39. Rb6+ Rf6 40.
Rxf6+ gxf6 41. c4 1-0

[Event "ECCC 2013"]
[Site "Rhodes"]
[Date "2013.10.26"]
[Round "7"]
[White "Drzasga, Michael"]
[Black "Runarsson, Gunnar"]
[Result "0-1"]
[WhiteElo "2019"]
[BlackElo "2074"]
[PlyCount "78"]
[EventDate "2013.10.20"]
[EventType "team"]
[EventRounds "7"]
[EventCountry "GRE"]
[WhiteTeam "CE De Sprenger Echternach"]
[BlackTeam "Viking Chess Club"]

1. e4 c6 2. Ne2 d5 3. e5 e6 4. d4 c5 5. c3 Nc6 6. f4 Qb6 7. g3 Nh6 8. Bh3 Be7
9. O-O O-O 10. Kh1 cxd4 11. cxd4 f5 12. b3 Bd7 13. Nd2 Nxd4 14. Nc4 dxc4 15.
Qxd4 Bc6+ 16. Bg2 Bc5 17. Qxc4 Bb5 18. Qc2 Ng4 19. a4 Ba6 20. h3 Nf2+ 21. Kh2
Rac8 22. a5 Qd8 23. Qa2 Ne4 24. b4 Bxb4 25. Qxe6+ Kh8 26. Qa2 Qd3 27. Qa4 Bc3
28. Ra2 Qb5 29. Bxe4 Qxa4 30. Rxa4 Bxe2 31. Rf2 Bb5 32. Bc2 Be1 33. Rg2 Bxa4
34. Bxa4 Rxc1 35. e6 Bb4 36. Rb2 Bd6 37. Rxb7 Re1 38. Bd7 Re2+ 39. Kg1 Rb8 0-1

[Event "ECCC 2013"]
[Site "Rhodes"]
[Date "2013.10.26"]
[Round "7"]
[White "Salihu, Sami"]
[Black "Rasmussen, Allan Stig"]
[Result "0-1"]
[WhiteElo "2215"]
[BlackElo "2499"]
[PlyCount "154"]
[EventDate "2013.10.20"]
[EventType "team"]
[EventRounds "7"]
[EventCountry "GRE"]
[WhiteTeam "Istogu Chess Club"]
[BlackTeam "Jetsmark"]

1. e4 c6 2. d4 d5 3. Nc3 dxe4 4. Nxe4 Nd7 5. Nf3 Ngf6 6. Bd3 Nxe4 7. Bxe4 Nf6
8. Bd3 Bg4 9. c3 Qd5 10. Be2 e6 11. O-O Bd6 12. Qb3 O-O-O 13. h3 Bh5 14. Qxd5
Nxd5 15. Re1 Rhe8 16. Ne5 Bxe2 17. Rxe2 Re7 18. Nc4 Bc7 19. a4 h5 20. g3 Rde8
21. Bd2 f6 22. Rae1 Kd7 23. h4 a6 24. a5 e5 25. dxe5 Bxe5 26. f4 Bc7 27. Rxe7+
Rxe7 28. Rxe7+ Nxe7 29. Kf2 c5 30. Ke2 Ke6 31. Be3 Kd5 32. b3 Nc6 33. Bd2 Ke4
34. Be3 Nxa5 35. Nd2+ Kd5 36. c4+ Kc6 37. Kd3 b5 38. cxb5+ axb5 39. Ke4 g6 40.
g4 Nb7 41. f5 Nd6+ 42. Kd3 gxf5 43. gxh5 Nf7 44. Nf3 Kd5 45. Bc1 f4 46. Bb2 Be5
47. Ba3 Nh6 48. Nd2 Nf5 49. Nf3 Bd6 50. Bb2 Ke6 51. Bc1 Be5 52. Ba3 Kd5 53. Bc1
Nh6 54. Ba3 Bd6 55. Bb2 Ke6 56. Ke4 Nf5 57. Kd3 Bf8 58. Bc1 Bd6 59. Bb2 Be5 60.
Bc1 Nd6 61. h6 Kf7 62. h5 c4+ 63. bxc4 bxc4+ 64. Kc2 Nf5 65. Bb2 Ne3+ 66. Kc1
Bxb2+ 67. Kxb2 Kg8 68. Kc3 Kh7 69. Kd4 Kxh6 70. Ke4 c3 71. Ne1 Kxh5 72. Kxf4
Ng2+ 73. Nxg2 c2 74. Kf5 c1=Q 75. Nf4+ Kh6 76. Ne6 Qf1+ 77. Nf4 Qf3 0-1

[Event "ECCC 2013"]
[Site "Rhodes"]
[Date "2013.10.26"]
[Round "7"]
[White "Pedersen, Christian Kyndel"]
[Black "Arben, Avdiu"]
[Result "1-0"]
[WhiteElo "2427"]
[BlackElo "1967"]
[PlyCount "105"]
[EventDate "2013.10.20"]
[EventType "team"]
[EventRounds "7"]
[EventCountry "GRE"]
[WhiteTeam "Jetsmark"]
[BlackTeam "Istogu Chess Club"]

1. d4 Nf6 2. c4 e6 3. Nc3 Bb4 4. e3 b6 5. Nge2 Bb7 6. a3 Bxc3+ 7. Nxc3 d5 8.
Qf3 Ne4 9. Bd3 Nxc3 10. bxc3 Nd7 11. cxd5 exd5 12. O-O Nf6 13. c4 Ba6 14. Rd1
O-O 15. cxd5 Bxd3 16. Rxd3 Re8 17. Bb2 Qxd5 18. Qd1 Rad8 19. f3 Qg5 20. e4 c5
21. dxc5 Nh5 22. Bc1 Qf6 23. Rb1 Rxd3 24. Qxd3 Rd8 25. Qe2 bxc5 26. g3 Qc3 27.
Bb2 Qb3 28. Rc1 g6 29. Rxc5 Qd1+ 30. Qf1 Qb3 31. Qf2 Ng7 32. Kg2 Ne6 33. Rc2
Qd3 34. Qe2 Qd7 35. Qe3 Qd1 36. Qe2 Qd7 37. Qe3 Qd1 38. Qc1 Qd3 39. Bf6 Nd4 40.
Rc3 Qe2+ 41. Kh3 Nxf3 42. Bxd8 Qxh2+ 43. Kg4 Nd4 44. Bh4 h5+ 45. Kg5 Kg7 46.
Rc6 Nf3+ 47. Kf4 Nxh4 48. Qc3+ Kh7 49. Kg5 Qe2 50. gxh4 Qxe4 51. Kf6 Kg8 52.
Rc8+ Kh7 53. Rh8+ 1-0

[Event "ECCC 2013"]
[Site "Rhodes"]
[Date "2013.10.26"]
[Round "7"]
[White "Sadiku, Bedri"]
[Black "Ochsner, Bjorn Moller"]
[Result "1-0"]
[WhiteElo "2267"]
[BlackElo "2296"]
[PlyCount "97"]
[EventDate "2013.10.20"]
[EventType "team"]
[EventRounds "7"]
[EventCountry "GRE"]
[WhiteTeam "Istogu Chess Club"]
[BlackTeam "Jetsmark"]

1. Nf3 c5 2. g3 g6 3. Bg2 Bg7 4. O-O Nc6 5. c3 e5 6. d3 d5 7. e4 d4 8. cxd4
cxd4 9. a4 Nge7 10. Na3 O-O 11. Nc4 Be6 12. b3 h6 13. Bd2 Nc8 14. Qc1 Kh7 15.
Qa3 Re8 16. Ne1 Bf8 17. Qc1 Nb6 18. f4 exf4 19. Rxf4 Nxc4 20. bxc4 Ne5 21. h3
g5 22. Rf1 Qd7 23. Kh2 Bd6 24. Qd1 Qc7 25. Nf3 Nxf3+ 26. Qxf3 Be5 27. Be1 Rg8
28. Qe2 Rg6 29. Rb1 h5 30. Rf5 Kg7 31. Qxh5 Rh8 32. Qe2 g4 33. Rb5 gxh3 34.
Rbxe5 hxg2+ 35. Kxg2 Bxf5 36. exf5 Rgh6 37. Qg4+ Kf6 38. Rd5 Rh2+ 39. Kf3 Qb6
40. Qf4 Kg7 41. f6+ Qxf6 42. Rg5+ Qxg5 43. Qxg5+ Kh7 44. Bf2 f6 45. Qf5+ Kg7
46. Bxd4 Rf8 47. Qg5+ Kf7 48. Bxf6 Ke6 49. Qe5+ 1-0

[Event "ECCC 2013"]
[Site "Rhodes"]
[Date "2013.10.26"]
[Round "7"]
[White "Hamitevici, Vladimir"]
[Black "Karttunen, Mika"]
[Result "1-0"]
[WhiteElo "2490"]
[BlackElo "2445"]
[PlyCount "73"]
[EventDate "2013.10.20"]
[EventType "team"]
[EventRounds "7"]
[EventCountry "GRE"]
[WhiteTeam "The Smashing Pawns Belvaux"]
[BlackTeam "Tammer-Shakki"]

1. e4 e6 2. f4 d5 3. e5 c5 4. Nf3 Nc6 5. c3 Qb6 6. Na3 Bd7 7. Nc2 Nh6 8. d4
cxd4 9. cxd4 Bb4+ 10. Kf2 f6 11. g3 O-O 12. Kg2 Be8 13. exf6 gxf6 14. Bd3 Bh5
15. h3 Kh8 16. g4 Rg8 17. Kf1 Be8 18. f5 Nf7 19. fxe6 Nd6 20. a3 Ne4 21. axb4
Ng3+ 22. Kg2 Nxh1 23. Qe1 Bg6 24. Bxg6 Rxg6 25. Nh4 Rgg8 26. Nf5 Nd8 27. e7 Ne6
28. Kxh1 Rac8 29. Qh4 Ng7 30. Nce3 Qe6 31. Bd2 Qe4+ 32. Kh2 Rc6 33. Re1 Qd3 34.
Bc3 Re6 35. Nxg7 Rxg7 36. Nf5 Re2+ 37. Kg1 1-0

[Event "ECCC 2013"]
[Site "Rhodes"]
[Date "2013.10.26"]
[Round "7"]
[White "Maki, Veijo"]
[Black "Weber, Tom"]
[Result "0-1"]
[WhiteElo "2379"]
[BlackElo "2415"]
[PlyCount "108"]
[EventDate "2013.10.20"]
[EventType "team"]
[EventRounds "7"]
[EventCountry "GRE"]
[WhiteTeam "Tammer-Shakki"]
[BlackTeam "The Smashing Pawns Belvaux"]

1. Nf3 Nf6 2. c4 g6 3. Nc3 d5 4. cxd5 Nxd5 5. Qc2 Nb6 6. d4 Nc6 7. e4 Bg7 8. d5
Ne5 9. Nxe5 Bxe5 10. Bh6 Qd6 11. Nb5 Qf6 12. f4 Qh4+ 13. Qf2 Qxh6 14. fxe5 O-O
15. Nxc7 Rb8 16. Be2 Bd7 17. O-O Rbc8 18. Rac1 Qg5 19. Qd4 Bh3 20. Qf2 Qxe5 21.
Nb5 Rxc1 22. Rxc1 Qxb2 23. Rf1 Bg4 24. Bxg4 Qxb5 25. Rc1 Qb4 26. Qf3 Nc4 27.
Qc3 Qc5+ 28. Kh1 b5 29. a4 a6 30. axb5 axb5 31. h4 Ra8 32. Rb1 Ra3 33. Qb4 Qxb4
34. Rxb4 Re3 35. Bf3 Nd6 36. Kg1 f6 37. Kf2 Ra3 38. Rb1 Kf7 39. g4 h6 40. g5
hxg5 41. hxg5 fxg5 42. e5 Nc4 43. e6+ Kf6 44. Rxb5 Nd6 45. Rb8 Ra2+ 46. Ke1 Ke5
47. Rb4 Rc2 48. Ra4 Rc4 49. Ra8 g4 50. Be2 Rd4 51. Rg8 Kf6 52. Rf8+ Kg5 53. Rd8
Rxd5 54. Rd7 Re5 0-1

[Event "ECCC 2013"]
[Site "Rhodes"]
[Date "2013.10.26"]
[Round "7"]
[White "Jeitz, Christian"]
[Black "Koykka, Pekka"]
[Result "0-1"]
[WhiteElo "2222"]
[BlackElo "2302"]
[PlyCount "62"]
[EventDate "2013.10.20"]
[EventType "team"]
[EventRounds "7"]
[EventCountry "GRE"]
[WhiteTeam "The Smashing Pawns Belvaux"]
[BlackTeam "Tammer-Shakki"]

1. e4 Nc6 2. d4 d5 3. e5 Bf5 4. Nf3 e6 5. Bd3 Nge7 6. O-O Qd7 7. c3 f6 8. Re1
fxe5 9. dxe5 Bxd3 10. Qxd3 Ng6 11. h4 Bc5 12. h5 Nf8 13. b4 Bb6 14. a4 a5 15.
b5 Nd8 16. Be3 Bxe3 17. Qxe3 Qf7 18. c4 dxc4 19. h6 Nd7 20. Nc3 Nb6 21. Rad1
O-O 22. Rd4 g6 23. Ng5 Qe7 24. Nge4 Nf7 25. Nd2 Rad8 26. Nxc4 Rxd4 27. Qxd4 Qb4
28. Re4 Rd8 29. Qe3 Nxc4 30. Qf4 Qxc3 31. Qf6 Qc1+ 0-1

[Event "ECCC 2013"]
[Site "Rhodes"]
[Date "2013.10.26"]
[Round "7"]
[White "Ahvenjarvi, Jani"]
[Black "Steil-Antoni, Fiona"]
[Result "1/2-1/2"]
[WhiteElo "2241"]
[BlackElo "2185"]
[PlyCount "80"]
[EventDate "2013.10.20"]
[EventType "team"]
[EventRounds "7"]
[EventCountry "GRE"]
[WhiteTeam "Tammer-Shakki"]
[BlackTeam "The Smashing Pawns Belvaux"]

1. e4 e5 2. Nf3 Nc6 3. Bb5 f5 4. d3 fxe4 5. dxe4 Nf6 6. O-O d6 7. Qd3 a6 8. Bc4
Na5 9. a4 Nxc4 10. Qxc4 Qe7 11. Nc3 h6 12. Nd5 Nxd5 13. exd5 g5 14. Nd2 Bg7 15.
Ne4 O-O 16. a5 Bf5 17. Qe2 Qf7 18. c4 Qg6 19. Re1 Rf7 20. b4 c6 21. f3 cxd5 22.
cxd5 Rc8 23. Ba3 Rfc7 24. Rac1 Rxc1 25. Rxc1 Rxc1+ 26. Bxc1 g4 27. Kh1 gxf3 28.
gxf3 Bf8 29. Bd2 Be7 30. Be1 Kg7 31. Bf2 Bxe4 32. fxe4 h5 33. h3 Kh7 34. Qf3
Kg7 35. Be1 Bf6 36. Bf2 Be7 37. Be1 Bf6 38. Bf2 Be7 39. Be1 Bf6 40. Bf2 Be7
1/2-1/2

[Event "ECCC 2013"]
[Site "Rhodes"]
[Date "2013.10.26"]
[Round "7"]
[White "Gengler, Pierre"]
[Black "Penttinen, Jarkko"]
[Result "0-1"]
[WhiteElo "2134"]
[BlackElo "2278"]
[PlyCount "92"]
[EventDate "2013.10.20"]
[EventType "team"]
[EventRounds "7"]
[EventCountry "GRE"]
[WhiteTeam "The Smashing Pawns Belvaux"]
[BlackTeam "Tammer-Shakki"]

1. e4 e6 2. d4 d5 3. Nc3 Nf6 4. e5 Nfd7 5. f4 c5 6. Nf3 Nc6 7. Be3 a6 8. Qd2 b5
9. Ne2 Bb7 10. a3 cxd4 11. Nexd4 Nxd4 12. Bxd4 Nc5 13. Bd3 Be7 14. Qe3 Rc8 15.
b4 Ne4 16. Nd2 Qc7 17. O-O O-O 18. c3 Qc6 19. Nb3 f5 20. Rfc1 Rfe8 21. a4 bxa4
22. Na5 Qd7 23. Nxb7 Qxb7 24. Rxa4 Rc6 25. Rca1 Qc7 26. Rxa6 Rxc3 27. Ra7 Qc8
28. b5 Bc5 29. b6 Bxd4 30. Qxd4 Rxd3 31. Qb4 Rb3 32. Qd4 Rd3 33. Qb4 Rb3 34.
Qd4 Qc2 35. h3 Rd3 36. Rc7 Qxc7 37. Qxd3 Qxb6+ 38. Kh2 Qf2 39. Rf1 Qc5 40. Qa6
Qe7 41. Rc1 h6 42. Qb6 Qh4 43. Rf1 Kh7 44. Qc6 Re7 45. Qc8 Nd2 46. Rd1 Qxf4+
0-1

[Event "ECCC 2013"]
[Site "Rhodes"]
[Date "2013.10.26"]
[Round "7"]
[White "Lehtioksa, Jorma"]
[Black "Jeitz, Olivier"]
[Result "1/2-1/2"]
[WhiteElo "2186"]
[BlackElo "2010"]
[PlyCount "25"]
[EventDate "2013.10.20"]
[EventType "team"]
[EventRounds "7"]
[EventCountry "GRE"]
[WhiteTeam "Tammer-Shakki"]
[BlackTeam "The Smashing Pawns Belvaux"]

1. d4 Nf6 2. Nf3 g6 3. g3 Bg7 4. Bg2 d5 5. c4 c6 6. O-O O-O 7. cxd5 cxd5 8. Ne5
Qb6 9. Nc3 Rd8 10. Na4 Qb5 11. Nc3 Qb6 12. Na4 Qb5 13. Nc3 1/2-1/2

[Event "ECCC 2013"]
[Site "Rhodes"]
[Date "2013.10.26"]
[Round "7"]
[White "Nyysti, Sampsa"]
[Black "Ferguson, Mark"]
[Result "0-1"]
[WhiteElo "2358"]
[BlackElo "2414"]
[PlyCount "132"]
[EventDate "2013.10.20"]
[EventType "team"]
[EventRounds "7"]
[EventCountry "GRE"]
[WhiteTeam "Chess Club Velhot"]
[BlackTeam "Barbican 4NCL"]

1. e4 e5 2. Nf3 Nf6 3. d4 Nxe4 4. Bd3 d5 5. Nxe5 Nd7 6. O-O Nxe5 7. dxe5 Nc5 8.
Nc3 c6 9. Ne2 Be7 10. f4 f6 11. Be3 Nxd3 12. Qxd3 O-O 13. exf6 Bxf6 14. c3 Bg4
15. Ng3 Bh4 16. Bd4 Qd7 17. Rae1 b6 18. Re3 Rae8 19. Be5 Bf5 20. Nxf5 Qxf5 21.
Qe2 Bf6 22. Bxf6 Rxe3 23. Qxe3 Qxf6 24. g3 Rd8 25. Kf2 c5 26. Re1 d4 27. cxd4
Qxd4 28. Qxd4 Rxd4 29. Ke3 Kf7 30. Rg1 Ke6 31. g4 Kd5 32. h4 c4 33. h5 Rd3+ 34.
Ke2 Ke4 35. h6 gxh6 36. Rh1 Rd6 37. f5 Kf4 38. Rf1+ Kxg4 39. Ke3 Kg5 40. Ke4
Rd8 41. Rg1+ Kf6 42. Rh1 Kg7 43. Rg1+ Kf7 44. Rh1 Rd6 45. Ke5 Rc6 46. Rd1 Rc5+
47. Ke4 Rc7 48. Rh1 b5 49. a3 Kg7 50. Rg1+ Kf7 51. Rh1 Kg7 52. Rg1+ Kf8 53. Rh1
a5 54. Rxh6 b4 55. axb4 axb4 56. Rh2 c3 57. bxc3 bxc3 58. Kd3 Kg7 59. Kc2 Kf6
60. Rf2 h5 61. Rh2 Kg5 62. f6 h4 63. f7 Rxf7 64. Rg2+ Kh5 65. Kxc3 h3 66. Rg8
Rh7 0-1

[Event "ECCC 2013"]
[Site "Rhodes"]
[Date "2013.10.26"]
[Round "7"]
[White "Paakkonen, Timo"]
[Black "Chapman, Terry P D"]
[Result "1-0"]
[WhiteElo "2290"]
[BlackElo "2331"]
[PlyCount "121"]
[EventDate "2013.10.20"]
[EventType "team"]
[EventRounds "7"]
[EventCountry "GRE"]
[WhiteTeam "Chess Club Velhot"]
[BlackTeam "Barbican 4NCL"]

1. e4 c6 2. d4 d5 3. e5 c5 4. dxc5 Nc6 5. Bb5 e6 6. Be3 Nge7 7. Nf3 Nf5 8. Bd4
Nfxd4 9. Qxd4 Bd7 10. Bxc6 Bxc6 11. Nbd2 Be7 12. O-O a5 13. a4 O-O 14. Rfe1 Qc7
15. Nb3 Rfc8 16. Re3 Be8 17. c3 Rcb8 18. Qg4 b6 19. c6 Bxc6 20. Nbd4 Bd7 21.
Ng5 h6 22. Nh3 Kh8 23. Nf4 Rg8 24. Rae1 Bf8 25. Rg3 Qd8 26. h4 Be7 27. Nf3 Rc8
28. b3 Qf8 29. Nd4 Qd8 30. Rh3 Kh7 31. Ree3 g6 32. Ref3 Qe8 33. Rhg3 Rc7 34.
Nh3 Rg7 35. Rf4 Qc8 36. Qf3 Be8 37. Qd3 Kg8 38. Rfg4 h5 39. Rf4 Bc6 40. Ng5
Bxg5 41. Rxg5 Bb7 42. Rf3 Ba6 43. Qe3 Rc5 44. Rgg3 b5 45. Rf6 b4 46. cxb4 axb4
47. Qh6 Rc7 48. Nxe6 fxe6 49. Rfxg6 Qf8 50. Rxg7+ Rxg7 51. Qxe6+ Kh7 52. Qxa6
Rxg3 53. fxg3 Qc5+ 54. Kh2 d4 55. e6 Kg6 56. Qb7 d3 57. Qf7+ Kh6 58. e7 d2 59.
Qe6+ Kh7 60. e8=Q Qg1+ 61. Kxg1 1-0

[Event "ECCC 2013"]
[Site "Rhodes"]
[Date "2013.10.26"]
[Round "7"]
[White "Dorrington, Chris J"]
[Black "Hokkanen, Petri"]
[Result "1-0"]
[WhiteElo "2313"]
[BlackElo "2301"]
[PlyCount "105"]
[EventDate "2013.10.20"]
[EventType "team"]
[EventRounds "7"]
[EventCountry "GRE"]
[WhiteTeam "Barbican 4NCL"]
[BlackTeam "Chess Club Velhot"]

1. e4 d6 2. d4 Nf6 3. Nc3 g6 4. Nf3 Bg7 5. Be2 O-O 6. O-O Nc6 7. Re1 Bg4 8. d5
Nb8 9. h3 Bxf3 10. Bxf3 c6 11. g4 Na6 12. dxc6 bxc6 13. e5 dxe5 14. Bxc6 Rb8
15. Qe2 Nb4 16. Bg2 e6 17. Bg5 Qc7 18. Bxf6 Bxf6 19. a3 Nd5 20. Bxd5 exd5 21.
Nxd5 Qd6 22. Nxf6+ Qxf6 23. Qxe5 Qxe5 24. Rxe5 Rxb2 25. Rc5 Rd8 26. Rc1 Rd7 27.
Rc3 Kg7 28. Kg2 h6 29. Kf3 Re7 30. Rd1 Rb5 31. Rd4 h5 32. Rcd3 hxg4+ 33. hxg4
Rc5 34. c4 Re6 35. Rc3 Rf6+ 36. Ke3 Re6+ 37. Re4 Rd6 38. Rd4 Re6+ 39. Re4 Rd6
40. f4 Kf6 41. Rd4 Re6+ 42. Kd2 Rec6 43. Kd3 Ke6 44. Rd8 Ra5 45. Re8+ Kd6 46.
Kd4 Ra4 47. f5 Kd7 48. Rb8 gxf5 49. gxf5 Ke7 50. Rb7+ Kf6 51. Kd5 Rc8 52. c5
Ra6 53. c6 1-0

[Event "ECCC 2013"]
[Site "Rhodes"]
[Date "2013.10.26"]
[Round "7"]
[White "Noe, Christopher"]
[Black "Agdestein, Simen"]
[Result "0-1"]
[WhiteElo "2245"]
[BlackElo "2603"]
[PlyCount "108"]
[EventDate "2013.10.20"]
[EventType "team"]
[EventRounds "7"]
[EventCountry "GRE"]
[WhiteTeam "Chess Club Eppingen"]
[BlackTeam "Oslo Schakselskap"]

1. Nf3 d5 2. d4 Nf6 3. c4 e6 4. Nc3 Nbd7 5. Bg5 Bb4 6. e3 c5 7. cxd5 exd5 8.
Bd3 c4 9. Bf5 Qa5 10. Qc2 O-O 11. O-O Re8 12. Ne2 Ne4 13. a3 Bd6 14. Bf4 Bxf4
15. Nxf4 Ndf6 16. Bxe4 Nxe4 17. b4 Qd8 18. Nd2 Bf5 19. Nxe4 Rxe4 20. Qd2 Qd6
21. Rfe1 Rae8 22. Rac1 h6 23. Ne2 Rh4 24. Ng3 Bd3 25. f4 g5 26. fxg5 hxg5 27.
e4 Qf4 28. Qxf4 Rxf4 29. Nh5 dxe4 30. Nxf4 gxf4 31. Kf2 Rd8 32. g3 fxg3+ 33.
hxg3 Rxd4 34. Ke3 Rd6 35. g4 Ra6 36. Kd4 Rxa3 37. Ra1 Rb3 38. Rxa7 c3 39. Rxb7
c2 40. Ra7 Rxb4+ 41. Ke3 Rb1 42. Ra1 f6 43. Kf4 Kf7 44. Ke3 Ke6 45. Kd4 Kd6 46.
Rc1 Kd7 47. Kd5 Ke7 48. Rh1 Kf7 49. Kd4 Kg6 50. Rg1 Kg5 51. Ra5+ f5 52. Ra1
Rxg1 53. Rxg1 f4 54. Ke5 f3 0-1

[Event "ECCC 2013"]
[Site "Rhodes"]
[Date "2013.10.26"]
[Round "7"]
[White "Moen, Andreas"]
[Black "Welz, Thomas"]
[Result "1-0"]
[WhiteElo "2390"]
[BlackElo "2207"]
[PlyCount "41"]
[EventDate "2013.10.20"]
[EventType "team"]
[EventRounds "7"]
[EventCountry "GRE"]
[WhiteTeam "Oslo Schakselskap"]
[BlackTeam "Chess Club Eppingen"]

1. e4 Nc6 2. d4 d5 3. exd5 Qxd5 4. Be3 e5 5. Nf3 Bg4 6. Nc3 Bb4 7. Be2 O-O-O 8.
O-O Bxc3 9. bxc3 Nf6 10. c4 Qe4 11. d5 Bxf3 12. gxf3 Qh4 13. Kh1 Nh5 14. Rg1
Nf4 15. Bf1 Qf6 16. c3 b6 17. Qa4 Na5 18. Rb1 Ng6 19. Bh3+ Kb8 20. Qxa5 Qh4 21.
Bxb6 1-0

[Event "ECCC 2013"]
[Site "Rhodes"]
[Date "2013.10.26"]
[Round "7"]
[White "Trygstad, Kristian"]
[Black "Dekan, Hans"]
[Result "1/2-1/2"]
[WhiteElo "2216"]
[BlackElo "2172"]
[PlyCount "67"]
[EventDate "2013.10.20"]
[EventType "team"]
[EventRounds "7"]
[EventCountry "GRE"]
[WhiteTeam "Oslo Schakselskap"]
[BlackTeam "Chess Club Eppingen"]

1. e4 c5 2. Nc3 Nc6 3. f4 e6 4. Nf3 d5 5. Bb5 dxe4 6. Bxc6+ bxc6 7. Nxe4 Nf6 8.
Qe2 Nxe4 9. Qxe4 Qd5 10. d3 Ba6 11. Nd2 Be7 12. c4 Qd6 13. Nb3 Rd8 14. O-O O-O
15. Rf3 f5 16. Qe2 Bf6 17. Qf2 Bd4 18. Be3 Rfe8 19. Re1 Bc8 20. Bxd4 cxd4 21.
Re5 Rf8 22. Qe1 Rf7 23. Qa5 g6 24. Rf2 Kg7 25. Re1 Qc7 26. Qxc7 Rxc7 27. Nc5
Kf6 28. Rfe2 Re7 29. Kf2 h6 30. b4 Rde8 31. Nb3 Rd8 32. Nc5 Rde8 33. Nb3 Rd8
34. Nc5 1/2-1/2

[Event "ECCC 2013"]
[Site "Rhodes"]
[Date "2013.10.26"]
[Round "7"]
[White "Staub, Gerhard"]
[Black "Persson, Mats"]
[Result "1/2-1/2"]
[WhiteElo "2062"]
[BlackElo "2238"]
[PlyCount "82"]
[EventDate "2013.10.20"]
[EventType "team"]
[EventRounds "7"]
[EventCountry "GRE"]
[WhiteTeam "Chess Club Eppingen"]
[BlackTeam "Oslo Schakselskap"]

1. Nf3 Nf6 2. b3 d5 3. Bb2 e6 4. e3 Be7 5. Be2 O-O 6. O-O c5 7. d4 Nc6 8. Nbd2
b6 9. c4 Bb7 10. cxd5 Nxd5 11. Nc4 Rc8 12. Rc1 f6 13. a3 b5 14. Ncd2 cxd4 15.
exd4 b4 16. axb4 Bxb4 17. Ne4 Nf4 18. Nc5 Bxc5 19. Rxc5 Re8 20. Bb5 Qb6 21. Qd2
Nd5 22. Rfc1 Red8 23. Ba3 Nce7 24. Rxc8 Rxc8 25. Rxc8+ Bxc8 26. Bc4 Qc7 27. Bc5
Nb6 28. Qa5 Kf7 29. Nd2 Nc6 30. Qc3 Nd5 31. Qh3 Kg8 32. Qh5 Qd8 33. Ne4 Nb6 34.
Nd6 g6 35. Qh6 Nxc4 36. Nxc4 Ba6 37. Qd2 Qd5 38. Qh6 Qd8 39. Qd2 Kg7 40. Nd6
Qd7 41. h4 h5 1/2-1/2

[Event "ECCC 2013"]
[Site "Rhodes"]
[Date "2013.10.26"]
[Round "7"]
[White "Mihajlov, Sebastian"]
[Black "Gass, Ulrich"]
[Result "1-0"]
[WhiteElo "2194"]
[BlackElo "2116"]
[PlyCount "97"]
[EventDate "2013.10.20"]
[EventType "team"]
[EventRounds "7"]
[EventCountry "GRE"]
[WhiteTeam "Oslo Schakselskap"]
[BlackTeam "Chess Club Eppingen"]

1. d4 Nf6 2. c4 g6 3. Nc3 Bg7 4. e4 d6 5. Nf3 O-O 6. h3 c5 7. d5 b5 8. cxb5 a6
9. Bd2 e6 10. Be2 exd5 11. exd5 axb5 12. Bxb5 Qe7+ 13. Qe2 Qxe2+ 14. Kxe2 Bb7
15. Bc4 Nbd7 16. Nb5 Ne4 17. Bc3 Rae8 18. Bxg7 Kxg7 19. Rhe1 Nb6 20. b3 Bxd5
21. Bxd5 Nxd5 22. Kf1 Nf4 23. Rad1 d5 24. Nc7 Rd8 25. h4 Nc3 26. Rd2 Rc8 27.
Re7 Kf6 28. Rd7 Rfd8 29. Rxd8 Rxd8 30. Na6 Ne4 31. Rc2 Ne6 32. b4 d4 33. Nxc5
N6xc5 34. bxc5 d3 35. Rc1 Ra8 36. Rc4 d2 37. Ke2 Nxf2 38. Nxd2 Rxa2 39. Rf4+
Ke6 40. Rxf2 f5 41. Rf4 Kd5 42. Rc4 Kc6 43. Kd3 Ra3+ 44. Rc3 Ra1 45. Nf3 Ra2
46. g3 Rg2 47. Kc4 Rf2 48. Nd4+ Kc7 49. Kd5 1-0

[Event "ECCC 2013"]
[Site "Rhodes"]
[Date "2013.10.26"]
[Round "7"]
[White "Gretarsson, Hjorvar Steinn"]
[Black "Sanduleac, Vasile"]
[Result "1-0"]
[WhiteElo "2505"]
[BlackElo "2423"]
[PlyCount "79"]
[EventDate "2013.10.20"]
[EventType "team"]
[EventRounds "7"]
[EventCountry "GRE"]
[WhiteTeam "Jutes of Kent"]
[BlackTeam "Adare"]

1. d4 d6 2. Nf3 Bg4 3. e4 c6 4. Nc3 Nf6 5. h3 Bh5 6. Qe2 e6 7. g4 Bg6 8. g5
Nfd7 9. Nh4 e5 10. d5 Be7 11. Rg1 Nb6 12. Be3 N8d7 13. O-O-O cxd5 14. exd5 Rc8
15. Qg4 Qc7 16. Nf5 Bxf5 17. Qxf5 g6 18. Qg4 a6 19. h4 Nc4 20. Bxc4 Qxc4 21.
Qh3 h5 22. f4 b5 23. fxe5 Nxe5 24. Bd4 O-O 25. Rg2 Rfd8 26. Kb1 Bf8 27. b3 Qb4
28. Ne4 Bg7 29. c3 Qa3 30. Nf6+ Kh8 31. Bxe5 dxe5 32. Qd3 a5 33. Ne4 Qe7 34. d6
Qd7 35. Rf2 a4 36. Qd5 axb3 37. Rxf7 bxa2+ 38. Ka1 Qg4 39. Rxg7 Kxg7 40. Qxe5+
1-0